Statistics for Animal Idioms Quiz #2

Click here to take the quiz!

General Stats

  • This quiz has been taken 33,148 times
  • The average score is 19 of 26

Answer Stats

Meaning Idiom % Correct
Person who wakes up earlyEarly {Bird}
97%
Center of a target{Bull}'s Eye
94%
Person who loves to readBook{worm}
93%
Person who stays up lateNight {Owl}
90%
TycoonFat {Cat}
88%
One who prefers to act aloneLone {Wolf}
88%
UsererLoan {Shark}
83%
MechanicGrease {Monkey}
82%
To quit abrubtlyCold {Turkey}
79%
Teenage infatuation{Puppy} Love
79%
Politican who serves, but whose
successor has already been elected
Lame {Duck}
76%
Alcohol as a hangover cureHair of the {Dog}
76%
Nonsense!{Hog}wash
73%
Lookout at the top of a ship's mast{Crow}'s Nest
73%
Insincere tears{Crocodile} Tears
72%
Method of diving with arched back
and arms held wide
{Swan} Dive
71%
Clump of dust or lintDust {Bunny}
71%
Having feet that turn inward{Pigeon} Toed
66%
To nag{Hen}peck
61%
Straight-legged military march{Goose} Step
55%
OutwitOut{fox}
55%
UK bachelor party{Stag} Night
54%
Something that appears to be
threatening, but isn't
Paper {Tiger}
51%
Nonsense!{Horse}feathers
49%
Period of decreasing stock prices{Bear} Market
49%
Pedestrian crosswalk{Zebra} Crossing
46%

Score Distribution

Percentile by Number Answered

Percent of People with Each Score

Your Score History

You have not taken this quiz